LEADER 01877nam1 22003373i 450 001 SUN0112045 005 20171110022335.965 010 $d0.00 100 $a20171110g17771786 |0itac50 ba 101 $aita 102 $aIT 140 $a||||||||| ||||||||| 200 1 $a*Storia della letteratura italiana dell'abate Tiraboschi bibliotecario del serenissimo duca di Modena. Tomo primo [-decimo] 205 $aNapoli : a spese di Giovanni Muccis. Sotto il campanile di S. Lorenzo Magg.re, 1777-1786 210 $a13 volumi$a4° 215 $aVignetta calcografica sui frontespizi con note tipografiche 463 \1$1001SUN0112047$12001 $a1: *Tomo primo, che comprende la storia della letteratura degli etruschi, de' popoli della Magna Grecia, dell'antica Sicilia e de' romani, fino alla morte di Augusto 463 \1$1001SUN0112048$12001 $a2: *Tomo secondo, dalla morte di Augusto, sino alla caduta dell'Impero Occidentale 463 \1$1001SUN0112049$12001 $a3: *Tomo terzo, dalla rovina dell'Impero Occidentale, fino all'anno 1183 463 \1$1001SUN0112050$12001 $a4: *Tomo quarto, dall'anno 1183, fino all'anno 1300 463 \1$1001SUN0112051$12001 $a5: *Tomo quinto, dall'anno 1300, fino all'anno 1400 463 \1$1001SUN0112059$12001 $a8: *Tomo ottavo, dall'anno 1600 fino all'anno 1700 463 \1$1001SUN0112060$12001 $a9: *Tomo nono, che contiene le Aggiunte, e le correzioni 463 \1$1001SUN0112061$12001 $a10: *Tomo decimo, che contiene l'indice generale di tutta l'opera 620 $dNapoli$3SUNL000005 700 1$aTiraboschi$b, Girolamo$f1731-1794$3SUNV086375$0181075 712 02$aMuccis, Giovanni$3SUNV051304 801 $aIT$bSOL$c20181109$gRICA 912 $aSUN0112045 996 $aStoria della letteratura italiana dell'abate Tiraboschi bibliotecario del serenissimo duca di Modena. Tomo primo$91520263 997 $aUNICAMPANIA